| 000 | 01474nam a2200349 i 4500 | ||
|---|---|---|---|
| 003 | EG-GICUC | ||
| 005 | 20260426165212.0 | ||
| 008 | 260426s1964 fr ||||fr|||| 000 0 fre d | ||
| 040 |
_aEG-GiCUC _bfre _cEG-GiCUC _dEG-GiCUC _eRda |
||
| 041 | 0 | _afre | |
| 082 | 0 | 4 |
_221 _a343.3709 _bQU |
| 092 | 0 | 4 | _221 |
| 099 | _aLaw1 10 343.3709 QU 1964 | ||
| 245 | 0 | 0 |
_aQuelques Proces Criminels Des Xvii Et Xviii Siècles / _cprésentés par un groupe d'étudiants sous la direction de Jean IMBERT. |
| 250 | _a1re édition. | ||
| 264 | 1 |
_aParis : _bPresses Universitaires De France, _c1964. |
|
| 300 |
_a206 page,pages non numérotées, pagination diverse ; _c 24 cm. |
||
| 336 |
_2rda contenu _a texte |
||
| 337 |
_2rda medias _aOrdinateur |
||
| 338 |
_2 transporteur rda _a Ressource en ligne |
||
| 490 | 0 | _3Serie Sciences Historiques. | |
| 500 | _aTravaux Et Recherches De La Faculte De Droit Et Des Sciences Economiques De Paris. | ||
| 500 | _aLa Faculté De Droit Et Des Sciences Économiques De Paris N'entend Donner Aucune Approbation Ni Improbation Aux Opinions Émises Dans Ce Volume. Ces Opinions Doivent Être Considérées Comme Propres À Leurs Auteurs. | ||
| 504 | _aComprend des références bibliographiques. | ||
| 546 | _aTexte en français | ||
| 650 | 1 |
_aDroit pénal _2qrmak |
|
| 651 | 1 | _2qrmak | |
| 700 | 1 |
_aIMBERT, Jean . _ePrésident |
|
| 856 | 4 | 0 | _uhttps://fll.law.cu.edu.eg/fulltext/bks/B10-11469.pdf |
| 905 | _a62 | ||
| 942 |
_2ddc _n0 _cBK _e21 |
||
| 999 |
_c73493 _d73493 |
||